[Event "EU-chT (Women) 24th"]
[Site "Budva"]
[Date "2023.11.13"]
[Round "3.3"]
[White "Heinemann, Josefine"]
[Black "Gajcin, Marina"]
[Result "1-0"]
[WhiteElo "2318"]
[BlackElo "2236"]
[PlyCount "101"]
[EventDate "2023.11.11"]
[EventType "team-swiss"]
[EventRounds "9"]
[EventCountry "MNE"]
[SourceTitle "CB47_2023"]
[SourceDate "2023.11.22"]
[SourceVersion "1"]
[SourceVersionDate "2023.11.22"]
[SourceQuality "1"]
[WhiteTeam "Germany (W)"]
[BlackTeam "Serbia (W)"]
[WhiteTeamCountry "GER"]
[BlackTeamCountry "SRB"]

1. e4 c5 2. Nf3 Nc6 3. Bb5 e6 4. Bxc6 bxc6 5. b3 d6 6. e5 f6 7. exd6 Bxd6 8. Nc3 Ne7 9. Ne4 Ng6 10. Nxd6+ Qxd6 11. d3 0-0 12. 0-0 e5 13. Be3 Be6 14. Nd2 f5 15. Qe1 f4 16. Ne4 Qd8 17. Bxc5 f3 18. Bxf8 fxg2 19. Kxg2 Bh3+ 20. Kh1 Qh4 21. Qe3 Rxf8 22. Rg1 Bg4 23. Rg3 Qh5 24. Qg5 Rf4 25. Qxh5 Bxh5 26. Kg1 Nh4 27. Nd2 Nf5 28. Re1 Nxg3 29. hxg3 Rf6 30. Rxe5 Bd1 31. c3 Bc2 32. d4 h6 33. f3 g5 34. g4 Kg7 35. Kf2 Kg6 36. Ke3 Bd1 37. Ra5 h5 38. gxh5+ Kxh5 39. Ne4 Rxf3+ 40. Kd2 Kh4 41. Kxd1 g4 42. Ke2 Rf7 43. Rc5 Rf4 44. Nd6 Rf6 45. Nf5+ Kh3 46. Ne3 Rg6 47. Ra5 a6 48. Nxg4 Kxg4 49. Rxa6 Kf4 50. Kd3 Re6 51. a4 1-0

[Event "EU-chT (Women) 24th"]
[Site "Budva"]
[Date "2023.11.11"]
[Round "1.15"]
[White "Gajcin, Marina"]
[Black "Bogachkova, Alena"]
[Result "1/2-1/2"]
[WhiteElo "2236"]
[BlackElo "2115"]
[PlyCount "72"]
[EventDate "2023.11.11"]
[EventType "team-swiss"]
[EventRounds "9"]
[EventCountry "MNE"]
[SourceTitle "CB47_2023"]
[SourceDate "2023.11.22"]
[SourceVersion "1"]
[SourceVersionDate "2023.11.22"]
[SourceQuality "1"]
[WhiteTeam "Serbia (W)"]
[BlackTeam "Montenegro (W)"]
[WhiteTeamCountry "SRB"]
[BlackTeamCountry "MNE"]

1. e4 d6 2. d4 Nf6 3. Nc3 e5 4. Nf3 Nbd7 5. Bc4 Be7 6. 0-0 0-0 7. a4 c6 8. Re1 h6 9. h3 Re8 10. a5 exd4 11. Nxd4 Bf8 12. Bf4 Ne5 13. Bf1 Bd7 14. Bg3 b5 15. axb6 Qxb6 16. Na4 Qb7 17. Nb3 Rad8 18. Nc3 Bc8 19. Ba6 Qb6 20. Bxc8 Rxc8 21. Qe2 d5 22. Ra6 Qb7 23. Rea1 Nxe4 24. Nxe4 dxe4 25. Rxa7 Qb5 26. Qxe4 Nc4 27. Qf3 Qd5 28. Qxd5 cxd5 29. Rb1 Re2 30. Nd4 Rd2 31. c3 Nxb2 32. Nf3 Rd1+ 33. Rxd1 Nxd1 34. Rd7 Nxc3 35. Be5 Ne4 36. Rxd5 Nc5 1/2-1/2

[Event "SRB-chT (Women) Div1"]
[Site "Senta"]
[Date "2023.10.20"]
[Round "11.2"]
[White "Gajcin, Marina"]
[Black "Papp, Petra"]
[Result "1/2-1/2"]
[WhiteElo "2225"]
[BlackElo "2318"]
[PlyCount "29"]
[EventDate "2023.10.10"]
[EventType "team-tourn"]
[EventRounds "11"]
[EventCountry "SRB"]
[SourceTitle "Mega2024 Update 01"]
[Source "Chessbase"]
[SourceDate "2023.11.12"]
[SourceVersion "1"]
[SourceVersionDate "2023.11.12"]
[SourceQuality "1"]
[WhiteTeam "Sremska Mitrovica Sirmium (W)"]
[BlackTeam "Belgrade Rad (W)"]
[WhiteTeamCountry "SRB"]
[BlackTeamCountry "SRB"]

1. e4 e5 2. Nf3 Nf6 3. Nxe5 d6 4. Nf3 Nxe4 5. Bd3 Nf6 6. 0-0 Be7 7. c3 0-0 8. Bc2 Bg4 9. d4 Nbd7 10. h3 Bh5 11. Nbd2 Bg6 12. Re1 c6 13. Nf1 Re8 14. Bd2 Bf8 15. Rxe8 1/2-1/2

[Event "SRB-chT (Women) Div1"]
[Site "Senta"]
[Date "2023.10.17"]
[Round "8.2"]
[White "Aydin, Gulenay"]
[Black "Gajcin, Marina"]
[Result "0-1"]
[WhiteElo "2143"]
[BlackElo "2225"]
[PlyCount "68"]
[EventDate "2023.10.10"]
[EventType "team-tourn"]
[EventRounds "11"]
[EventCountry "SRB"]
[SourceTitle "Mega2024 Update 01"]
[Source "Chessbase"]
[SourceDate "2023.11.12"]
[SourceVersion "1"]
[SourceVersionDate "2023.11.12"]
[SourceQuality "1"]
[WhiteTeam "Lucani Mladost (W)"]
[BlackTeam "Sremska Mitrovica Sirmium (W)"]
[WhiteTeamCountry "SRB"]
[BlackTeamCountry "SRB"]

1. e4 c5 2. Nf3 Nc6 3. Bb5 e6 4. 0-0 Nge7 5. d4 cxd4 6. Nxd4 Ng6 7. Be3 Be7 8. Be2 0-0 9. c4 b6 10. Nc3 Bb7 11. Nb3 Qc7 12. f4 d6 13. Rc1 Rfe8 14. Nd5 Qd7 15. Nxe7+ Qxe7 16. Re1 Rad8 17. Bd3 Ba8 18. Qe2 Qb7 19. Qf2 Nb4 20. Bb1 d5 21. cxd5 exd5 22. e5 d4 23. Nxd4 Nxf4 24. Bxf4 Rxd4 25. Re2 Red8 26. Rce1 Nd3 27. Bxd3 Rxd3 28. e6 fxe6 29. Rxe6 Rd1 30. Qg3 Qf7 31. Re7 Qxe7 32. Qb3+ Qf7 33. Rxd1 Rxd1+ 34. Qxd1 Qxf4 0-1

[Event "SRB-chT (Women) Div1"]
[Site "Senta"]
[Date "2023.10.16"]
[Round "7.2"]
[White "Gajcin, Marina"]
[Black "Toncheva, Nadya"]
[Result "0-1"]
[WhiteElo "2225"]
[BlackElo "2253"]
[PlyCount "92"]
[EventDate "2023.10.10"]
[EventType "team-tourn"]
[EventRounds "11"]
[EventCountry "SRB"]
[SourceTitle "Mega2024 Update 01"]
[Source "Chessbase"]
[SourceDate "2023.11.12"]
[SourceVersion "1"]
[SourceVersionDate "2023.11.12"]
[SourceQuality "1"]
[WhiteTeam "Sremska Mitrovica Sirmium (W)"]
[BlackTeam "Kostolac Rudar (W)"]
[WhiteTeamCountry "SRB"]
[BlackTeamCountry "SRB"]

1. e4 c5 2. Nf3 e6 3. d4 cxd4 4. Nxd4 Nc6 5. Nc3 Qc7 6. Be3 a6 7. Qd2 Nf6 8. 0-0-0 b5 9. Bf4 Qb6 10. Nb3 Bb4 11. f3 0-0 12. Bd6 Bxd6 13. Qxd6 Rd8 14. Kb1 Ne8 15. Qg3 Qc7 16. f4 b4 17. Ne2 d6 18. Ned4 Bb7 19. Bd3 Nxd4 20. Nxd4 Nf6 21. Rhe1 Rac8 22. Qe3 d5 23. e5 Ne4 24. Bxe4 dxe4 25. Rd2 h6 26. Red1 Bd5 27. g4 Qc4 28. b3 Qc3 29. Qe2 Qc5 30. f5 Qc7 31. fxe6 fxe6 32. Nf5 exf5 33. Rxd5 Rxd5 34. Rxd5 Qc6 35. Rd4 Qc3 36. Qd1 e3 37. Rd3 Qxe5 38. gxf5 e2 39. Qe1 Re8 40. Rg3 Qxf5 41. Rg1 Qe5 42. h4 Rd8 43. Qc1 Qd4 44. Re1 Qf2 45. Kb2 Qf6+ 46. Kb1 Qf3 0-1

[Event "SRB-chT (Women) Div1"]
[Site "Senta"]
[Date "2023.10.15"]
[Round "6.2"]
[White "Petronic, Sanja"]
[Black "Gajcin, Marina"]
[Result "0-1"]
[WhiteElo "2150"]
[BlackElo "2225"]
[PlyCount "112"]
[EventDate "2023.10.10"]
[EventType "team-tourn"]
[EventRounds "11"]
[EventCountry "SRB"]
[SourceTitle "Mega2024 Update 01"]
[Source "Chessbase"]
[SourceDate "2023.11.12"]
[SourceVersion "1"]
[SourceVersionDate "2023.11.12"]
[SourceQuality "1"]
[WhiteTeam "Nova Varos Zlatar (W)"]
[BlackTeam "Sremska Mitrovica Sirmium (W)"]
[WhiteTeamCountry "SRB"]
[BlackTeamCountry "SRB"]

1. e4 c5 2. Nc3 Nc6 3. g3 g6 4. Bg2 Bg7 5. Nge2 d6 6. d3 e6 7. Be3 Nd4 8. Qd2 Ne7 9. 0-0 0-0 10. f4 Nec6 11. Nd1 d5 12. c3 Nxe2+ 13. Qxe2 d4 14. Bd2 f5 15. e5 Bd7 16. c4 Rb8 17. b3 a6 18. g4 b5 19. Nb2 Ne7 20. g5 Bc6 21. cxb5 Bxg2 22. Qxg2 axb5 23. Rfc1 Qb6 24. a4 Nd5 25. axb5 Qxb5 26. Ra3 Ra8 27. Rca1 Qc6 28. Nc4 Rxa3 29. Rxa3 Ra8 30. Ba5 Bf8 31. Kf2 Ra6 32. Kg3 Qb5 33. h4 Ne3 34. Qa2 Qb7 35. Qf2 Nxc4 36. bxc4 Be7 37. Qa2 Qh1 38. Qb2 Rxa5 39. Qb8+ Kf7 40. Rxa5 Qe1+ 41. Kf3 Qf1+ 42. Kg3 Qxd3+ 43. Kg2 Qd2+ 44. Kf3 Qxa5 45. Qh8 Qc3+ 46. Kf2 Qe3+ 47. Kg2 Qe2+ 48. Kg3 Qg4+ 49. Kf2 Qxh4+ 50. Ke2 Qg4+ 51. Ke1 Qg3+ 52. Ke2 Qg2+ 53. Kd1 Qh2 54. Ke1 d3 55. Kd1 Qc2+ 56. Ke1 Qe2# 0-1

[Event "Dubai op-A 23rd"]
[Site "Dubai"]
[Date "2023.06.03"]
[Round "8"]
[White "Averin, Nikolay"]
[Black "Gajcin, Marina"]
[Result "1-0"]
[WhiteElo "2259"]
[BlackElo "2256"]
[PlyCount "101"]
[EventDate "2023.05.27"]
[EventType "swiss"]
[EventRounds "9"]
[EventCountry "UAE"]
[SourceTitle "CBM 214 Extra"]
[Source "ChessBase"]
[SourceDate "2023.07.31"]
[SourceVersion "1"]
[SourceVersionDate "2023.07.31"]
[SourceQuality "1"]

1. e4 c5 2. Nf3 Nc6 3. d4 cxd4 4. Nxd4 Nf6 5. Nc3 e5 6. Ndb5 d6 7. Bg5 a6 8. Na3 b5 9. Nd5 Be7 10. Bxf6 Bxf6 11. c3 Bg5 12. Nc2 Rb8 13. Be2 0-0 14. 0-0 g6 15. Qd3 Kh8 16. Rad1 a5 17. h3 f5 18. Bf3 Bd7 19. exf5 gxf5 20. Nde3 e4 21. Qxd6 exf3 22. Qxd7 Qxd7 23. Rxd7 f4 24. Ng4 fxg2 25. Kxg2 h5 26. Nh2 Ne5 27. Rd5 Bf6 28. Re1 Rg8+ 29. Kf1 Rge8 30. Re4 Kg7 31. Rxf4 Nc4 32. Rd7+ Kg6 33. Nf3 Rbd8 34. Rxd8 Rxd8 35. Ncd4 Nxb2 36. Nxb5 Rd1+ 37. Ke2 Ra1 38. a3 Nd1 39. c4 Rc1 40. Kd2 Bb2 41. Ne1 Ra1 42. Nd3 Bg7 43. Re4 Kf5 44. Nd6+ Kg6 45. c5 Rxa3 46. Nf4+ Kg5 47. Kxd1 a4 48. h4+ Kh6 49. Nf7+ Kh7 50. Ng5+ Kg8 51. Re8+ 1-0

[Event "Dubai op-A 23rd"]
[Site "Dubai"]
[Date "2023.05.31"]
[Round "5"]
[White "Gajcin, Marina"]
[Black "Al Hosani, Omran"]
[Result "1-0"]
[WhiteElo "2256"]
[BlackElo "2270"]
[PlyCount "100"]
[EventDate "2023.05.27"]
[EventType "swiss"]
[EventRounds "9"]
[EventCountry "UAE"]
[SourceTitle "CBM 214 Extra"]
[Source "ChessBase"]
[SourceDate "2023.07.31"]
[SourceVersion "1"]
[SourceVersionDate "2023.07.31"]
[SourceQuality "1"]

1. e4 c6 2. Nf3 d5 3. Nc3 Bg4 4. h3 Bxf3 5. Qxf3 e6 6. Be2 d4 7. Nb1 Nf6 8. d3 Qc7 9. g3 c5 10. Qg2 Nc6 11. 0-0 Be7 12. a4 a6 13. Bd2 0-0 14. a5 c4 15. dxc4 Bb4 16. Bxb4 Nxb4 17. Ra4 Nc6 18. b4 b6 19. axb6 Qxb6 20. b5 Ne5 21. Rxa6 Rxa6 22. bxa6 Qxa6 23. f4 Nc6 24. e5 Nd7 25. Nd2 Nc5 26. Ne4 Qb6 27. Kh1 Nxe4 28. Qxe4 g6 29. g4 Qc5 30. Bd3 Na5 31. f5 Nxc4 32. Bxc4 Qxc4 33. Rd1 Qc3 34. Kg2 gxf5 35. gxf5 Kh8 36. Kh2 Rg8 37. Qd3 Qc6 38. Rg1 Rxg1 39. Kxg1 exf5 40. Qxd4 Kg8 41. c4 Kf8 42. Qd6+ Qxd6 43. exd6 Ke8 44. Kf2 Kd7 45. c5 Ke6 46. Kf3 h5 47. h4 Kd7 48. Kf4 Ke6 49. Kg5 f6+ 50. Kf4 Kd5 1-0

[Event "EU-ch (Women) 23rd"]
[Site "Petrovac"]
[Date "2023.03.27"]
[Round "9"]
[White "Gajcin, Marina"]
[Black "Berke, Ana"]
[Result "1-0"]
[WhiteElo "2215"]
[BlackElo "2107"]
[PlyCount "109"]
[EventDate "2023.03.18"]
[EventType "swiss"]
[EventRounds "11"]
[EventCountry "MNE"]
[SourceTitle "CBM 213 Extra"]
[Source "ChessBase"]
[SourceDate "2023.05.31"]
[SourceVersion "1"]
[SourceVersionDate "2023.05.31"]
[SourceQuality "1"]

1. e4 c5 2. Nf3 e6 3. c3 Nf6 4. Bd3 Nc6 5. Bc2 e5 6. 0-0 d6 7. h3 g6 8. d4 Qc7 9. Be3 c4 10. Qe2 Na5 11. b4 cxb3 12. axb3 Bd7 13. dxe5 dxe5 14. Nxe5 Bg7 15. Bd4 0-0 16. b4 Nc6 17. Nxc6 Bxc6 18. Nd2 a6 19. Rfe1 Rfe8 20. Qf3 Rad8 21. Nb3 Qe7 22. Na5 Bb5 23. Rad1 Rc8 24. e5 Nd7 25. Qxb7 Nxe5 26. Qxe7 Rxe7 27. Re3 Nc6 28. Rxe7 Nxe7 29. Bc5 Nc6 30. Nxc6 Bxc6 31. c4 a5 32. bxa5 Bxg2 33. Kxg2 Rxc5 34. Rd8+ Bf8 35. a6 Ra5 36. Ra8 Kg7 37. Be4 Ra2 38. Kf1 Bc5 39. f3 Be3 40. Bb7 Kf6 41. Rc8 Rc2 42. Rc7 Ra2 43. c5 h5 44. c6 Bb6 45. Rd7 Kg5 46. Rxf7 Kh4 47. c7 Bxc7 48. Rxc7 g5 49. Bc8 Kg3 50. a7 h4 51. Be6 Ra5 52. Bd5 Rxd5 53. a8Q Rf5 54. Rc3 Rf4 55. Qa2 1-0

[Event "EU-ch 23rd"]
[Site "Vrnjacka Banja"]
[Date "2023.03.07"]
[Round "5"]
[White "Gajcin, Marina"]
[Black "Han, Yichen"]
[Result "1-0"]
[WhiteElo "2215"]
[BlackElo "2405"]
[PlyCount "151"]
[EventDate "2023.03.03"]
[EventType "swiss"]
[EventRounds "11"]
[EventCountry "SRB"]
[SourceTitle "CBM 213"]
[Source "ChessBase"]
[SourceDate "2023.04.30"]
[SourceVersion "1"]
[SourceVersionDate "2023.04.30"]
[SourceQuality "1"]

1. e4 c5 2. Nf3 Nc6 3. Bb5 e5 4. 0-0 Bd6 5. a4 Nf6 6. Re1 a6 7. Bxc6 dxc6 8. d3 Nd7 9. Nbd2 Bc7 10. Nf1 Nf8 11. Be3 Ne6 12. c3 0-0 13. Ng3 b5 14. h3 Qe7 15. Nf5 Qf6 16. g3 h6 17. Nh2 Kh7 18. Ng4 Qd8 19. Ngxh6 g6 20. Nh4 Nf4 21. Bxc5 Nxh3+ 22. Kg2 Bd6 23. Bxd6 Qxd6 24. Ng4 Ng5 25. Rh1 Kg7 26. Nxe5 Bh3+ 27. Rxh3 Nxh3 28. Nef3 Qd7 29. Qh1 Nxf2 30. Kxf2 Qxd3 31. Qd1 Qxe4 32. Ng5 Qc4 33. Nhf3 Rad8 34. Qc2 b4 35. Qe4 Qc5+ 36. Qe3 Qxe3+ 37. Kxe3 Rfe8+ 38. Kf2 f6 39. Nh3 g5 40. g4 Re4 41. Nd4 Rh8 42. Nf5+ Kg6 43. Kg3 bxc3 44. bxc3 Rc4 45. Ra3 Rb8 46. Nf2 Rb1 47. Ne3 Rf4 48. Ng2 Rc4 49. Ne3 Rc5 50. Nd3 Ra5 51. c4 Rb8 52. c5 Rd8 53. Nc4 Rxd3+ 54. Rxd3 Rxc5 55. Nd6 Ra5 56. Rd4 Kg7 57. Rc4 Kf8 58. Nb7 Rd5 59. Rxc6 Rd3+ 60. Kf2 Rd4 61. Rxf6+ Ke7 62. Rxa6 Rxg4 63. Nc5 Kd8 64. Rc6 Rh4 65. Kg3 Rh1 66. a5 Rg1+ 67. Kf2 Ra1 68. a6 Ra3 69. Kg2 g4 70. Rb6 Kc7 71. Rb4 Ra5 72. Ra4 Rxa4 73. Nxa4 Kb8 74. Kg3 Ka7 75. Nc5 Kb6 76. Kxg4 1-0

[Event "SRB-ch (Women) 16th"]
[Site "Bajina Basta"]
[Date "2022.12.11"]
[Round "6"]
[White "Drljevic, Ljilja"]
[Black "Gajcin, Marina"]
[Result "0-1"]
[WhiteElo "2175"]
[BlackElo "2188"]
[PlyCount "50"]
[EventDate "2022.12.06"]
[EventType "tourn"]
[EventRounds "9"]
[EventCountry "SRB"]
[SourceTitle "CBM 211 Extra"]
[Source "ChessBase"]
[SourceDate "2023.01.31"]
[SourceVersion "1"]
[SourceVersionDate "2023.01.31"]
[SourceQuality "1"]

1. d4 Nf6 2. Bg5 c5 3. dxc5 Na6 4. Bxf6 gxf6 5. e4 e6 6. Nd2 Bxc5 7. Nh3 Qb6 8. Nc4 Qc6 9. Qf3 b5 10. Ne3 Bb4+ 11. Kd1 Be7 12. Bd3 Bb7 13. Re1 Nc5 14. Ng4 Nxd3 15. cxd3 Rc8 16. Re2 f5 17. Nh6 Rf8 18. Qg3 fxe4 19. dxe4 Qc4 20. e5 Bb4 21. Nf4 Be4 22. Qe3 Bc2+ 23. Kc1 Bd3+ 24. Kd1 Bxe2+ 25. Qxe2 Qxf4 0-1